000 00786nam a2200241Ia 4500
005 20260430150546.0
008 008 250103s9999 xx 000 0 eng d
037 _aTheses
040 _aCRL
040 _beng
040 _ceng
041 _2eng
041 _aeng
084 _qCRL
100 _aSharma Sakshi Au.; Shaluja Daman Gu.; Dinand Veronique Gu.
_91237851
245 0 _aUnderstanding the Altered Gene Expression of Splicing Factors and their Effect on Splicing of SIN3B in Oral Cancer and to Establish sIL2R as a Marker of HLH in Indian Population
260 _c2024
300 _a237p.
650 _aMedicine
700 _aUniversity of Delhi. Faculty of Medical Sciences. Deptt.of Medical Bio-Medical Research
942 _cTH
999 _c1850074
_d1850074